000 00566nam a2200181 a 4500
005 20240320063655.0
008 991125s1975 mx 000 0 spa u
035 _aUPN01000052077
049 _aCG
050 4 _aPS2116 P6
_bE8
100 1 _aJames, Henry,
_d1843-1916
_928775
245 1 3 _aEl retrato de una dama /
_cHenry James ; pról. Ma. Enriqueta González Padilla.
260 _aMéxico :
_bUNAM, Dirección General de Publicaciones,
_c1975.
300 _a2 v.
440 0 _aNuestros clásicos ;
_v43
650 4 _aNovela estadounidense
_94462
905 _aLibro
999 _c52077
_d52077